000 00291nam a22001337a 4500
008 171108b xxu||||| |||| 00| 0 eng d
020 _a9780393318159
041 _aeng
080 _a330.322
100 _a64
101 _aINV
245 _aSTATE OF THE WORLD
_cBROWN,L.R
942 _2udc
_cBK
999 _c38244
_d38244